Contemporary approaches to public policy : (Record no. 22397)
[ view plain ]
| 000 -LEADER | |
|---|---|
| fixed length control field | 00971cam a22002775a 4500 |
| 001 - CONTROL NUMBER | |
| control field | 19041121 |
| 005 - DATE AND TIME OF LATEST TRANSACTION | |
| control field | 20201128023830.0 |
| 008 - FIXED-LENGTH DATA ELEMENTS--GENERAL INFORMATION | |
| fixed length control field | 160404t2016 enka frb 001 0 eng d |
| 020 ## - INTERNATIONAL STANDARD BOOK NUMBER | |
| International Standard Book Number | 9781137504937 |
| 040 ## - CATALOGING SOURCE | |
| Original cataloging agency | CDX |
| Transcribing agency | CDX |
| Modifying agency | NKM |
| -- | YDX |
| -- | DLC |
| -- | EG-ScBUE |
| Language of cataloging | eng |
| 082 04 - DEWEY DECIMAL CLASSIFICATION NUMBER | |
| Classification number | 320.6 |
| Edition number | 22 |
| Item number | CON |
| 245 00 - TITLE STATEMENT | |
| Title | Contemporary approaches to public policy : |
| Remainder of title | theories, controversies and perspectives / |
| Statement of responsibility, etc | edited by B. Guy Peters and Philippe Zittoun. |
| 260 ## - PUBLICATION, DISTRIBUTION, ETC. (IMPRINT) | |
| Place of publication, distribution, etc | London : |
| Name of publisher, distributor, etc | Palgrave Macmillan, |
| Date of publication, distribution, etc | c.2016. |
| 300 ## - PHYSICAL DESCRIPTION | |
| Extent | xv, 206 p. : |
| Other physical details | ill. ; |
| Dimensions | 23 cm. |
| 490 0# - Series Statement | |
| Series statement | International series on public policy. |
| 500 ## - GENERAL NOTE | |
| General note | Index : p. 201-206. |
| 504 ## - BIBLIOGRAPHY, ETC. NOTE | |
| Bibliography, etc | Includes bibliographical references. |
| 650 #7 - SUBJECT ADDED ENTRY--TOPICAL TERM | |
| Topical term or geographic name as entry element | Political planning. |
| Source of heading or term | BUEsh |
| 9 (RLIN) | 30287 |
| 650 #0 - SUBJECT ADDED ENTRY--TOPICAL TERM | |
| Topical term or geographic name as entry element | Public administration. |
| Source of heading or term | BUEsh |
| 651 ## - SUBJECT ADDED ENTRY--GEOGRAPHIC NAME | |
| Source of heading or term | BUEsh |
| 653 ## - INDEX TERM--UNCONTROLLED | |
| Resource For college | BAEPS, Political Science |
| Arrived date list | September2016 |
| 655 ## - INDEX TERM--GENRE/FORM | |
| Form subdivision | Reading book |
| -- | 34232 |
| 700 1# - ADDED ENTRY--PERSONAL NAME | |
| Personal name | Peters, B. Guy. |
| 9 (RLIN) | 1053 |
| Relator term | editor. |
| 700 1# - ADDED ENTRY--PERSONAL NAME | |
| Personal name | Zittoun, Philippe, |
| Relator term | editor. |
| 942 ## - ADDED ENTRY ELEMENTS (KOHA) | |
| Source of classification or shelving scheme | Dewey Decimal Classification |
| Withdrawn status | Item status | Source of classification or shelving scheme | Damaged status | Not for loan | Vendor | Home library | Current library | Shelving location | Date acquired | Source of acquisition | Cost, normal purchase price | Total Checkouts | Full call number | Barcode | Date last seen | Date last borrowed | Koha item type | Materials specified (bound volume or other part) | Total Renewals |
|---|---|---|---|---|---|---|---|---|---|---|---|---|---|---|---|---|---|---|---|
| Dewey Decimal Classification | Baccah | Central Library | Central Library | First floor | 25/09/2016 | Purchase | 1485.00 | 1 | 320.6 CON | 000033649 | 15/07/2025 | 24/05/2018 | Book - Borrowing | ||||||
| Lost | Dewey Decimal Classification | Baccah | Central Library | Central Library | First floor | 25/09/2016 | Purchase | 1485.00 | 2 | 320.6 CON | 000033650 | 28/02/2023 | 28/07/2022 | Book - Borrowing | Lost_In_Inventory_12-2-2024 | 2 | |||
| Dewey Decimal Classification | Baccah | Central Library | Central Library | First floor | 27/09/2016 | Purchase | 1485.00 | 320.6 CON | 000033655 | 15/07/2025 | Book - Borrowing |